| 000 | 00598nam a2200205 u 4500 | ||
|---|---|---|---|
| 005 | 20240806064012.0 | ||
| 008 | 071010s2006 mx r 000 0 spa d | ||
| 020 | _a8497862996 | ||
| 035 | _aUPN01000152803 | ||
| 049 | _aCG | ||
| 050 | 4 |
_aPR4731 _bM5c |
|
| 100 | 1 |
_aHaggard, Henry Rider, _cSir, _d1856-1925 _928376 |
|
| 245 | 1 | 4 |
_aLas minas del rey Salomón / _cHenry Rider Haggard. |
| 260 |
_aMadrid : _bPerymat Libros, _c2006. |
||
| 300 |
_a191 p. : _bil. |
||
| 440 | 3 | _aLa punta del iceberg | |
| 650 | 0 |
_aAventuras y aventureros _94121 |
|
| 650 | 4 |
_aLiteratura inglesa _95228 |
|
| 905 | _aLibro | ||
| 999 |
_c124926 _d124926 |
||